Capoluoghi di Provincia contenenti la lettera V - Statistics

Statistiche generali
  • Questo quiz è stato fatto 99 volte
  • Il punteggio medio è 17 su 20
Statistiche sulle risposte
Lunghezza in lettere Capoluogo % Corretto
7 Venezia
100%
6 Verona
96%
7 Vicenza
96%
8 Vercelli
92%
8 Avellino
89%
5 Pavia
89%
6 Savona
89%
6 Varese
89%
7 Viterbo
88%
7 Livorno
85%
8 Verbania
85%
7 Mantova
83%
12 Vibo Valentia
83%
7 Treviso
82%
9 Benevento
79%
6 Genova
79%
6 Novara
78%
6 Rovigo
76%
7 Ravenna
72%
6 Padova
69%
Nessun quiz corrispondente trovato
Distribuzione punteggi
Percentuale di utenti per punteggio
Percentile per numero di risposta
I tuoi punteggi nel tempo
Non hai fatto questo quiz